| 000 | 00547nam a2200181Ia 4500 | ||
|---|---|---|---|
| 003 | GCL | ||
| 008 | 140319s9999 xx 000 0 eng d | ||
| 040 |
_aGCL / _cGCL |
||
| 082 | 0 | 4 |
_a614.47 _bC V |
| 100 | 1 | _aCENTRE INTERNATIONAL DE L'ENFANCE | |
| 245 | 1 | 0 |
_aVACCINATIONS IMMUNIZATIONS VACUNACIONES / _cCENTRE INTERNATIONAL DE L'ENFANCE |
| 260 |
_a[S.N] : _bCENTRE INTERNATIONAL DE L'ENFANCE ، _c1987 |
||
| 300 | _a121 P | ||
| 650 | 0 | 4 | _aPUBLIC HEALTH FOR CHILDREN |
| 650 | 0 | 4 | _aIMMUNIZATION |
| 650 | 0 | 4 | _aCHILD IMMUNIZATION |
| 942 |
_2ddc _cBK |
||
| 999 |
_c14984 _d14984 |
||